[Event "31st Klatovy A 2025"]
[Site "Klatovy CZE"]
[Date "2025.07.06"]
[Round "9.5"]
[White "Krivanek, Vladimir"]
[Black "Pirklova, Hana"]
[Result "1-0"]
[WhiteElo "2172"]
[BlackElo "2048"]
[PlyCount "71"]
[EventDate "2025.06.28"]
[EventType "swiss"]
[EventRounds "9"]
[EventCountry "CZE"]

1. d4 {[%emt 0:00:08]} Nf6 {[%emt 0:00:06]} 2. c4 {[%emt 0:01:23]} g6 {[%emt 0:00:06]} 3. Nc3 {[%emt 0:00:06]} Bg7 {[%emt 0:00:07]} 4. e4 {[%emt 0:00:53]} d6 {[%emt 0:00:11]} 5. h3 {[%emt 0:00:21]} O-O {[%emt 0:01:29]} 6. Be3 {[%emt 0:00:45]} e5 {[%emt 0:04:31]} 7. Nf3 {[%emt 0:05:41]} Nc6 {[%emt 0:01:13]} 8. d5 {[%emt 0:00:33]} Ne7 {[%emt 0:00:15]} 9. g4 {[%emt 0:00:42]} c5 {[%emt 0:18:59]} 10. Rg1 {[%emt 0:06:56]} a6 {[%emt 0:02:32]} 11. Nd2 {[%emt 0:03:58]} Rb8 {[%emt 0:09:24]} 12. a4 {[%emt 0:01:07]} Ne8 {[%emt 0:09:43]} 13. Bd3 {[%emt 0:03:41]} Kh8 {[%emt 0:03:43]} 14. Qe2 {[%emt 0:17:23]} Bd7 {[%emt 0:03:15]} 15. f3 {[%emt 0:13:07]} Qa5 {[%emt 0:07:46]} 16. Ra3 {[%emt 0:09:40]} Qd8 {[%emt 0:02:20]} 17. f4 {[%emt 0:14:31]} f5 {[%emt 0:10:04]} 18. fxe5 {[%emt 0:04:29]} Bxe5 {[%emt 0:00:05]} 19. Nf3 {[%emt 0:00:49]} Bg7 {[%emt 0:00:05]} 20. Bg5 {[%emt 0:12:49]} h6 {[%emt 0:03:28]} 21. Bxe7 {[%emt 0:04:16]} Qxe7 {[%emt 0:00:04]} 22. exf5 {[%emt 0:00:19]} Qxe2+ {[%emt 0:03:26]} 23. Nxe2 {[%emt 0:00:44]} Bxb2 {[%emt 0:01:34]} 24. Ra2 {[%emt 0:00:25]} Bf6 {[%emt 0:03:28]} 25. Nf4 {[%emt 0:00:20]} Rf7 {[%emt 0:03:31]} 26. Nxg6+ {[%emt 0:00:26]} Kg8 {[%emt 0:00:03]} 27. g5 {[%emt 0:07:43]} hxg5 {[%emt 0:00:22]} 28. Nxg5 {[%emt 0:00:20]} Bxg5 {[%emt 0:05:13]} 29. Rxg5 {[%emt 0:00:12]} Ng7 {[%emt 0:00:14]} 30. Rf2 {[%emt 0:02:20]} Re8+ {[%emt 0:01:50]} 31. Kd2 {[%emt 0:01:49]} Bxa4 {[%emt 0:03:24]} 32. f6 {[%emt 0:01:17]} Bd7 {[%emt 0:02:10]} 33. Rf4 {[%emt 0:03:31]} Bxh3 {[%emt 0:01:58]} 34. fxg7 {[%emt 0:00:21]} Rxg7 {[%emt 0:00:07]} 35. Rh5 {[%emt 0:01:17]} Bd7 {[%emt 0:00:16]} 36. Rh8# {[%emt 0:00:06]} 1-0

[Event "31st Klatovy A 2025"]
[Site "Klatovy CZE"]
[Date "2025.07.06"]
[Round "9.6"]
[White "Svadlenka, Dominik"]
[Black "Pecka, Jan"]
[Result "1-0"]
[WhiteElo "2086"]
[BlackElo "2140"]
[PlyCount "105"]
[EventDate "2025.06.28"]
[EventType "swiss"]
[EventRounds "9"]
[EventCountry "CZE"]

1. d4 {[%emt 0:00:04]} Nf6 {[%emt 0:07:33]} 2. c4 {[%emt 0:00:05]} e6 {[%emt 0:00:06]} 3. Nc3 {[%emt 0:00:04]} Bb4 {[%emt 0:00:52]} 4. Qc2 {[%emt 0:00:04]} O-O {[%emt 0:00:14]} 5. e4 {[%emt 0:00:17]} d5 {[%emt 0:00:10]} 6. e5 {[%emt 0:00:07]} Ne4 {[%emt 0:00:27]} 7. Bd3 {[%emt 0:00:26]} c5 {[%emt 0:00:55]} 8. Nge2 {[%emt 0:00:29]} cxd4 {[%emt 0:01:33]} 9. Nxd4 {[%emt 0:00:16]} Nd7 {[%emt 0:00:26]} 10. cxd5 {[%emt 0:04:14]} exd5 {[%emt 0:00:24]} 11. Bf4 {[%emt 0:00:22]} Qh4 {[%emt 0:11:49]} 12. g3 {[%emt 0:01:02]} Qh5 {[%emt 0:00:14]} 13. O-O {[%emt 0:08:56]} Bxc3 {[%emt 0:01:02]} 14. bxc3 {[%emt 0:03:00]} g5 {[%emt 0:26:55]} 15. Bxe4 {[%emt 0:36:13]} dxe4 {[%emt 0:04:56]} 16. e6 {[%emt 0:04:01]} gxf4 {[%emt 0:09:26]} 17. exd7 {[%emt 0:02:00]} Bxd7 {[%emt 0:00:35]} 18. Qxe4 {[%emt 0:00:53]} fxg3 {[%emt 0:00:05]} 19. fxg3 {[%emt 0:01:23]} Bc6 {[%emt 0:09:37]} 20. Nxc6 {[%emt 0:02:17]} bxc6 {[%emt 0:00:05]} 21. Rf5 {[%emt 0:11:49]} Qh6 {[%emt 0:05:18]} 22. Qe5 {[%emt 0:01:22]} f6 {[%emt 0:01:30]} 23. Qe6+ {[%emt 0:00:34]} Kh8 {[%emt 0:00:15]} 24. Raf1 {[%emt 0:07:12]} Rae8 {[%emt 0:02:04]} 25. Qxc6 {[%emt 0:01:45]} Qe3+ {[%emt 0:01:06]} 26. Kh1 {[%emt 0:00:29]} Rc8 {[%emt 0:02:34]} 27. Qf3 {[%emt 0:05:51]} Qxc3 {[%emt 0:04:53]} 28. Qxc3 {[%emt 0:00:23]} Rxc3 {[%emt 0:00:15]} 29. Rxf6 {[%emt 0:00:09]} Rxf6 {[%emt 0:00:14]} 30. Rxf6 {[%emt 0:00:04]} Ra3 {[%emt 0:05:49]} 31. Rf2 {[%emt 0:00:06]} Kg7 {[%emt 0:00:08]} 32. Kg2 {[%emt 0:00:11]} Kg6 {[%emt 0:00:46]} 33. Kf1 {[%emt 0:01:22]} Re3 {[%emt 0:11:50]} 34. Re2 {[%emt 0:02:28]} Rd3 {[%emt 0:01:24]} 35. Ke1 {[%emt 0:00:39]} Kf6 {[%emt 0:00:07]} 36. Rf2+ {[%emt 0:01:35]} Ke6 {[%emt 0:02:54]} 37. Ke2 {[%emt 0:00:50]} Rd5 {[%emt 0:01:35]} 38. Ke3 {[%emt 0:00:59]} Rd1 {[%emt 0:02:30]} 39. Rb2 {[%emt 0:02:33]} Rd7 {[%emt 0:00:40]} 40. Kf4 {[%emt 0:01:16]} Kf6 {[%emt 0:00:31]} 41. Ke4 {[%emt 0:02:12]} Ke6 {[%emt 0:01:26]} 42. Rc2 {[%emt 0:00:28]} Ke7 {[%emt 0:02:17]} 43. Ke5 {[%emt 0:00:35]} Rb7 {[%emt 0:00:07]} 44. a4 {[%emt 0:01:36]} Kf7 {[%emt 0:04:20]} 45. Kd6 {[%emt 0:05:07]} Kg6 {[%emt 0:00:15]} 46. Rc4 {[%emt 0:12:36]} h6 {[%emt 0:01:33]} 47. Kc6 {[%emt 0:01:41]} Rb2 {[%emt 0:01:15]} 48. h3 {[%emt 0:01:12]} Kg7 {[%emt 0:01:59]} 49. Kc7 {[%emt 0:01:35]} Rb3 {[%emt 0:02:57]} 50. g4 {[%emt 0:00:13]} Kg6 {[%emt 0:01:10]} 51. h4 {[%emt 0:00:12]} Rh3 {[%emt 0:00:42]} 52. h5+ {[%emt 0:01:00]} Kg5 {[%emt 0:00:17]} 53. Kb7 {[%emt 0:00:16]} 1-0

[Event "31st Klatovy A 2025"]
[Site "Klatovy CZE"]
[Date "2025.07.06"]
[Round "9.8"]
[White "Vltavsky, Vladimir"]
[Black "Slaby, Matej"]
[Result "1/2-1/2"]
[WhiteElo "2122"]
[BlackElo "2056"]
[PlyCount "77"]
[EventDate "2025.06.28"]
[EventType "swiss"]
[EventRounds "9"]
[EventCountry "CZE"]

1. e4 d6 {[%emt 13:30:55]} 2. d4 Nf6 {[%emt 0:00:17]} 3. Nc3 c6 {[%emt 0:00:09]} 4. a4 Qa5 5. Bd3 e5 6. Nf3 {[%emt 0:02:47]} Bg4 {[%emt 0:00:32]} 7. dxe5 {[%emt 0:01:42]} dxe5 {[%emt 0:00:06]} 8. O-O {[%emt 0:00:07]} Nbd7 {[%emt 0:01:25]} 9. h3 {[%emt 0:00:43]} Bh5 {[%emt 0:00:24]} 10. Qe2 {[%emt 0:01:50]} Be7 {[%emt 0:01:37]} 11. Bd2 {[%emt 0:03:08]} Qc7 {[%emt 0:00:06]} 12. Bc4 {[%emt 0:00:11]} a5 {[%emt 0:01:17]} 13. Bg5 {[%emt 0:04:13]} h6 {[%emt 0:01:52]} 14. Bh4 {[%emt 0:00:37]} g5 {[%emt 0:07:49]} 15. Bg3 {[%emt 0:00:09]} Bg6 {[%emt 0:01:24]} 16. Nd4 {[%emt 0:08:00]} Nh5 {[%emt 0:03:11]} 17. Nf5 {[%emt 0:03:21]} Nxg3 {[%emt 0:02:14]} 18. Nxg3 Bc5 19. Nf5 O-O-O 20. Rfd1 h5 21. g3 Nb6 22. Bb3 Kb8 23. Rxd8+ Rxd8 24. Rd1 Nc8 25. Rxd8 Qxd8 26. Nd1 Nd6 27. Nxd6 Qxd6 28. c3 Qf6 29. Bc2 h4 30. Kg2 hxg3 31. fxg3 Kc7 32. Ne3 Bxe3 33. Qxe3 Qd8 34. Qd3 Qxd3 35. Bxd3 f6 36. Bc2 c5 37. c4 Kd6 38. b3 b6 39. g4 1/2-1/2

[Event "31st Klatovy A 2025"]
[Site "Klatovy CZE"]
[Date "2025.07.06"]
[Round "9.9"]
[White "Hosnedl, Jiri"]
[Black "Kupsa, Matej 2001"]
[Result "0-1"]
[WhiteElo "1985"]
[BlackElo "2100"]
[PlyCount "142"]
[EventDate "2025.06.28"]
[EventType "swiss"]
[EventRounds "9"]
[EventCountry "CZE"]

1. d4 {[%emt 12:16:10]} Nf6 {[%emt 0:03:31]} 2. c4 {[%emt 0:00:24]} c5 {[%emt 0:01:50]} 3. d5 {[%emt 0:00:43]} b5 {[%emt 0:15:03]} 4. cxb5 {[%emt 0:00:26]} a6 {[%emt 0:00:02]} 5. b6 {[%emt 0:00:44]} Qxb6 {[%emt 0:00:19]} 6. Nc3 {[%emt 0:00:53]} d6 {[%emt 0:11:33]} 7. e4 {[%emt 0:00:48]} g6 {[%emt 0:00:32]} 8. h3 {[%emt 0:05:07]} Bg7 {[%emt 0:01:32]} 9. Nf3 {[%emt 0:01:28]} O-O {[%emt 0:00:49]} 10. Nd2 {[%emt 0:08:25]} Nbd7 {[%emt 0:10:15]} 11. Nc4 {[%emt 0:03:09]} Qc7 {[%emt 0:01:08]} 12. Be2 {[%emt 0:04:05]} Nb6 {[%emt 0:02:52]} 13. O-O {[%emt 0:04:21]} Nxc4 {[%emt 0:05:05]} 14. Bxc4 {[%emt 0:00:37]} Nd7 {[%emt 0:08:37]} 15. f4 {[%emt 0:06:22]} Nb6 {[%emt 0:04:01]} 16. Bd3 {[%emt 0:04:06]} c4 {[%emt 0:11:42]} 17. Bc2 {[%emt 0:04:31]} Nd7 {[%emt 0:04:54]} 18. Be3 {[%emt 0:02:03]} Rb8 {[%emt 0:01:43]} 19. Rb1 {[%emt 0:04:31]} a5 {[%emt 0:09:05]} 20. Bd4 {[%emt 0:04:12]} Bxd4+ {[%emt 0:01:47]} 21. Qxd4 {[%emt 0:00:16]} Qc5 {[%emt 0:00:42]} 22. Ne2 {[%emt 0:13:48]} Ba6 {[%emt 0:03:07]} 23. Rfc1 {[%emt 0:02:13]} Rb6 {[%emt 0:06:46]} 24. Qxc5 {[%emt 0:14:24]} Nxc5 {[%emt 0:01:09]} 25. Nd4 {[%emt 0:00:16]} a4 {[%emt 0:05:27]} 26. b3 {[%emt 0:07:12]} cxb3 {[%emt 0:09:02]} 27. axb3 {[%emt 0:00:41]} axb3 {[%emt 0:00:27]} 28. Nxb3 {[%emt 0:08:23]} Nd3 {[%emt 0:01:23]} 29. Nd4 {[%emt 0:06:45]} Rxb1 {[%emt 0:02:16]} 30. Rxb1 {[%emt 0:00:09]} Nxf4 {[%emt 0:00:08]} 31. Ra1 {[%emt 0:04:09]} Bd3 {[%emt 0:01:04]} 32. Bxd3 {[%emt 0:02:08]} Nxd3 {[%emt 0:00:02]} 33. Ra7 {[%emt 0:04:53]} Re8 {[%emt 0:00:27]} 34. Nc6 {[%emt 0:00:32]} Kf8 {[%emt 0:01:15]} 35. Rb7 {[%emt 0:02:23]} Nc5 {[%emt 0:01:26]} 36. Rb4 {[%emt 0:00:28]} e6 {[%emt 0:01:51]} 37. g4 {[%emt 0:02:22]} exd5 {[%emt 0:00:33]} 38. exd5 {[%emt 0:00:14]} Re1+ {[%emt 0:00:30]} 39. Kg2 {[%emt 0:00:47]} Rd1 {[%emt 0:01:05]} 40. Rd4 {[%emt 0:03:30]} Rxd4 {[%emt 0:04:08]} 41. Nxd4 {[%emt 0:00:05]} Ke7 {[%emt 0:00:20]} 42. Nb5 {[%emt 0:02:27]} Nb7 {[%emt 0:01:56]} 43. Kf3 {[%emt 0:00:56]} Kf6 {[%emt 0:00:08]} 44. Kf4 {[%emt 0:02:07]} g5+ {[%emt 0:00:17]} 45. Ke4 {[%emt 0:00:20]} Kg6 {[%emt 0:00:35]} 46. Kf3 {[%emt 0:01:53]} f5 {[%emt 0:00:37]} 47. gxf5+ {[%emt 0:00:21]} Kxf5 {[%emt 0:00:09]} 48. Nd4+ {[%emt 0:01:35]} Ke5 {[%emt 0:00:42]} 49. Ne6 {[%emt 0:00:23]} h6 {[%emt 0:00:32]} 50. Nc7 {[%emt 0:00:44]} h5 {[%emt 0:01:01]} 51. Ne8 {[%emt 0:00:55]} Kf5 {[%emt 0:00:33]} 52. Ng7+ {[%emt 0:00:31]} Kg6 {[%emt 0:00:08]} 53. Ne8 {[%emt 0:00:25]} Kf7 {[%emt 0:00:24]} 54. Nc7 {[%emt 0:00:18]} Na5 {[%emt 0:00:42]} 55. Ke4 {[%emt 0:00:44]} Kg6 {[%emt 0:00:31]} 56. Ne8 {[%emt 0:00:28]} Nb7 {[%emt 0:00:39]} 57. Nc7 {[%emt 0:00:35]} Nc5+ {[%emt 0:00:12]} 58. Kf3 {[%emt 0:00:30]} Kf5 {[%emt 0:00:17]} 59. Ne8 {[%emt 0:00:20]} g4+ {[%emt 0:00:35]} 60. hxg4+ {[%emt 0:00:15]} hxg4+ {[%emt 0:00:01]} 61. Kg2 {[%emt 0:00:34]} Ne4 {[%emt 0:00:11]} 62. Nc7 {[%emt 0:00:47]} Ke5 {[%emt 0:00:28]} 63. Kg1 {[%emt 0:00:23]} Nf6 {[%emt 0:00:14]} 64. Kg2 {[%emt 0:00:25]} Nxd5 {[%emt 0:00:05]} 65. Ne8 {[%emt 0:00:27]} Nf6 {[%emt 0:00:19]} 66. Nc7 {[%emt 0:00:40]} Kf4 {[%emt 0:01:03]} 67. Ne6+ {[%emt 0:00:29]} Kf5 {[%emt 0:00:16]} 68. Nd4+ {[%emt 0:00:29]} Ke4 {[%emt 0:00:06]} 69. Ne2 {[%emt 0:00:37]} Ke3 {[%emt 0:00:38]} 70. Nc3 {[%emt 0:00:34]} d5 {[%emt 0:00:11]} 71. Kg3 {[%emt 0:00:32]} Ne4+ {[%emt 0:00:07]} 0-1

[Event "31st Klatovy A 2025"]
[Site "Klatovy CZE"]
[Date "2025.07.06"]
[Round "9.10"]
[White "Marsalek, Zdenek"]
[Black "Rudlof, Adam"]
[Result "1-0"]
[WhiteElo "2187"]
[BlackElo "1992"]
[PlyCount "140"]
[EventDate "2025.06.28"]
[EventType "swiss"]
[EventRounds "9"]
[EventCountry "CZE"]

1. d4 {[%emt 13:36:12]} Nf6 {[%emt 0:04:46]} 2. Nf3 {[%emt 0:00:08]} g6 {[%emt 0:00:14]} 3. g3 {[%emt 0:00:09]} Bg7 {[%emt 0:00:40]} 4. Bg2 {[%emt 0:00:08]} O-O {[%emt 0:00:18]} 5. O-O {[%emt 0:00:08]} d5 {[%emt 0:00:11]} 6. c4 {[%emt 0:00:13]} c6 {[%emt 0:00:12]} 7. cxd5 {[%emt 0:00:31]} cxd5 {[%emt 0:00:07]} 8. Ne5 {[%emt 0:00:15]} Nc6 {[%emt 0:01:11]} 9. Nxc6 {[%emt 0:00:09]} bxc6 {[%emt 0:00:08]} 10. Nc3 {[%emt 0:00:02]} Nd7 {[%emt 0:07:48]} 11. Bg5 {[%emt 0:13:53]} Rb8 {[%emt 0:05:45]} 12. Qd2 {[%emt 0:03:42]} f6 {[%emt 0:06:23]} 13. Be3 {[%emt 0:00:56]} Nb6 {[%emt 0:04:32]} 14. b3 {[%emt 0:00:20]} e5 {[%emt 0:03:18]} 15. Rfd1 {[%emt 0:01:01]} e4 {[%emt 0:05:03]} 16. Rac1 {[%emt 0:01:16]} f5 {[%emt 0:01:07]} 17. Bf4 {[%emt 0:02:22]} Rb7 {[%emt 0:00:22]} 18. a4 {[%emt 0:00:10]} Bf6 {[%emt 0:13:43]} 19. h4 {[%emt 0:04:15]} Na8 {[%emt 0:10:55]} 20. Na2 {[%emt 0:04:32]} Bd7 {[%emt 0:02:03]} 21. Nb4 {[%emt 0:08:11]} Qe8 {[%emt 0:14:28]} 22. Qc3 {[%emt 0:02:20]} Be7 {[%emt 0:02:59]} 23. Na6 {[%emt 0:03:49]} Qf7 {[%emt 0:04:12]} 24. Bf1 {[%emt 0:01:07]} Kg7 {[%emt 0:01:58]} 25. Nc5 {[%emt 0:01:07]} Bxc5 {[%emt 0:01:10]} 26. dxc5+ {[%emt 0:00:15]} Kg8 {[%emt 0:00:05]} 27. e3 {[%emt 0:00:12]} Nc7 {[%emt 0:03:08]} 28. b4 {[%emt 0:01:40]} Be6 {[%emt 0:05:46]} 29. Bd6 {[%emt 0:06:17]} Re8 {[%emt 0:02:34]} 30. Rb1 {[%emt 0:00:31]} h6 {[%emt 0:01:02]} 31. b5 {[%emt 0:00:51]} cxb5 {[%emt 0:00:19]} 32. axb5 {[%emt 0:00:10]} g5 {[%emt 0:00:36]} 33. hxg5 {[%emt 0:00:27]} hxg5 {[%emt 0:00:07]} 34. Qa5 {[%emt 0:00:16]} Na8 {[%emt 0:05:53]} 35. c6 {[%emt 0:00:48]} Rb6 {[%emt 0:00:09]} 36. Ra1 {[%emt 0:00:12]} a6 {[%emt 0:05:12]} 37. Bc5 {[%emt 0:00:07]} Rxb5 {[%emt 0:00:14]} 38. Bxb5 {[%emt 0:00:16]} axb5 {[%emt 0:00:05]} 39. Qa7 {[%emt 0:01:31]} Qh5 {[%emt 0:00:26]} 40. Bd4 {[%emt 0:00:43]} Bf7 {[%emt 0:01:05]} 41. Qd7 {[%emt 0:00:33]} f4 {[%emt 0:00:57]} 42. Qf5 {[%emt 0:01:33]} Nc7 {[%emt 0:01:20]} 43. exf4 {[%emt 0:00:38]} gxf4 {[%emt 0:00:49]} 44. Qxf4 {[%emt 0:01:42]} Ne6 {[%emt 0:00:07]} 45. Qh4 {[%emt 0:01:59]} Qxh4 {[%emt 0:00:34]} 46. gxh4 {[%emt 0:00:02]} Rc8 {[%emt 0:00:33]} 47. Rac1 {[%emt 0:00:36]} Nf4 {[%emt 0:01:32]} 48. Rc5 {[%emt 0:02:43]} b4 {[%emt 0:00:50]} 49. Kh2 {[%emt 0:01:56]} Nd3 {[%emt 0:00:57]} 50. Rg1+ {[%emt 0:00:47]} Kf8 {[%emt 0:00:06]} 51. Rc2 {[%emt 0:02:58]} Ke7 {[%emt 0:01:42]} 52. c7 {[%emt 0:01:58]} b3 {[%emt 0:03:05]} 53. Rc3 {[%emt 0:00:30]} b2 {[%emt 0:00:16]} 54. Rb1 {[%emt 0:00:43]} Kd7 {[%emt 0:01:09]} 55. Rc2 {[%emt 0:00:25]} Rxc7 {[%emt 0:00:56]} 56. Rxc7+ {[%emt 0:00:24]} Kxc7 {[%emt 0:00:06]} 57. Kg3 {[%emt 0:00:21]} Kc6 {[%emt 0:06:03]} 58. Bxb2 {[%emt 0:00:16]} Nxb2 {[%emt 0:00:29]} 59. Rxb2 {[%emt 0:00:15]} Kc5 {[%emt 0:00:23]} 60. Kf4 {[%emt 0:00:20]} Kd4 {[%emt 0:04:24]} 61. Rb7 {[%emt 0:01:29]} Bh5 {[%emt 0:00:46]} 62. Rh7 {[%emt 0:00:58]} Be8 {[%emt 0:00:53]} 63. Re7 {[%emt 0:00:45]} Bh5 {[%emt 0:00:56]} 64. Re5 {[%emt 0:00:24]} Bf7 {[%emt 0:00:35]} 65. h5 {[%emt 0:00:23]} Kd3 {[%emt 0:00:58]} 66. h6 {[%emt 0:00:41]} Bg8 {[%emt 0:00:21]} 67. Rg5 {[%emt 0:00:16]} Bh7 {[%emt 0:00:20]} 68. Rg7 {[%emt 0:00:09]} d4 {[%emt 0:00:26]} 69. Rxh7 {[%emt 0:00:09]} e3 {[%emt 0:00:04]} 70. fxe3 {[%emt 0:00:07]} dxe3 {[%emt 0:00:06]} 1-0

[Event "31st Klatovy A 2025"]
[Site "Klatovy CZE"]
[Date "2025.07.06"]
[Round "9.11"]
[White "Andrle, Filip"]
[Black "Lhotsky, Zdenek"]
[Result "0-1"]
[WhiteElo "2019"]
[BlackElo "1907"]
[PlyCount "160"]
[EventDate "2025.06.28"]
[EventType "swiss"]
[EventRounds "9"]
[EventCountry "CZE"]

1. e4 {[%emt 0:04:59]} c5 {[%emt 0:00:09]} 2. Nf3 {[%emt 0:00:08]} d6 {[%emt 0:00:08]} 3. c3 {[%emt 0:00:06]} Nf6 {[%emt 0:05:13]} 4. Bd3 {[%emt 0:03:19]} a6 {[%emt 0:04:12]} 5. a4 {[%emt 0:02:00]} Nc6 {[%emt 0:01:53]} 6. h3 {[%emt 0:01:29]} g6 {[%emt 0:10:13]} 7. O-O {[%emt 0:08:09]} Bg7 {[%emt 0:00:42]} 8. Re1 {[%emt 0:00:51]} O-O {[%emt 0:00:19]} 9. Bf1 {[%emt 0:01:14]} e5 {[%emt 0:07:00]} 10. d4 {[%emt 0:05:30]} cxd4 {[%emt 0:11:37]} 11. cxd4 {[%emt 0:00:39]} Nxd4 {[%emt 0:00:25]} 12. Nxd4 {[%emt 0:00:48]} exd4 {[%emt 0:00:04]} 13. Qxd4 {[%emt 0:00:49]} Be6 {[%emt 0:06:24]} 14. Qb4 {[%emt 0:05:11]} d5 {[%emt 0:05:11]} 15. e5 {[%emt 0:18:25]} Ne4 {[%emt 0:05:41]} 16. f3 {[%emt 0:13:50]} a5 {[%emt 0:05:55]} 17. Qd4 {[%emt 0:08:58]} Ng3 {[%emt 0:04:46]} 18. Bd3 {[%emt 0:02:29]} Rc8 {[%emt 0:08:33]} 19. Nc3 {[%emt 0:01:51]} Qd7 {[%emt 0:06:04]} 20. Kh2 {[%emt 0:03:24]} Nf5 {[%emt 0:00:31]} 21. Bxf5 {[%emt 0:00:28]} gxf5 {[%emt 0:01:59]} 22. b3 {[%emt 0:06:32]} f6 {[%emt 0:09:56]} 23. f4 {[%emt 0:03:20]} fxe5 {[%emt 0:03:44]} 24. fxe5 {[%emt 0:01:20]} Qc6 {[%emt 0:03:06]} 25. Nb5 {[%emt 0:01:55]} Qc2 {[%emt 0:03:03]} 26. Ba3 {[%emt 0:03:00]} Rfd8 {[%emt 0:00:29]} 27. Qb6 {[%emt 0:05:02]} Qc6 {[%emt 0:01:42]} 28. Qxa5 {[%emt 0:00:54]} Ra8 {[%emt 0:00:30]} 29. Qd2 {[%emt 0:01:50]} d4 {[%emt 0:00:30]} 30. Bd6 {[%emt 0:00:48]} Bxb3 {[%emt 0:00:58]} 31. Nxd4 {[%emt 0:00:48]} Rxd6 {[%emt 0:00:31]} 32. exd6 {[%emt 0:09:39]} Qxd6+ {[%emt 0:00:07]} 33. Kh1 {[%emt 0:00:05]} Qxd4 {[%emt 0:00:18]} 34. Qxd4 {[%emt 0:01:42]} Bxd4 {[%emt 0:00:03]} 35. Rab1 {[%emt 0:00:18]} Bd5 {[%emt 0:02:18]} 36. Re7 {[%emt 0:13:14]} Rxa4 {[%emt 0:02:41]} 37. Rd1 {[%emt 0:01:29]} Ra1 {[%emt 0:01:40]} 38. Ree1 {[%emt 0:00:45]} Ra4 {[%emt 0:01:16]} 39. Re7 {[%emt 0:01:00]} Be4 {[%emt 0:00:29]} 40. Rd7 {[%emt 0:00:17]} Bf6 {[%emt 0:01:03]} 41. Rc7 {[%emt 0:01:18]} Ra2 {[%emt 0:00:47]} 42. Re1 {[%emt 0:00:37]} Bxg2+ {[%emt 0:00:44]} 43. Kg1 {[%emt 0:00:06]} Be4 {[%emt 0:00:02]} 44. Rc8+ {[%emt 0:00:46]} Kg7 {[%emt 0:00:16]} 45. Rd1 {[%emt 0:00:15]} Ra1 {[%emt 0:00:43]} 46. Rxa1 {[%emt 0:00:47]} Bxa1 {[%emt 0:00:06]} 47. Kf2 {[%emt 0:00:04]} Be5 {[%emt 0:00:38]} 48. Ke3 {[%emt 0:00:13]} Kg6 {[%emt 0:01:03]} 49. Re8 {[%emt 0:00:16]} Bf6 {[%emt 0:00:55]} 50. Kf4 {[%emt 0:00:12]} b5 {[%emt 0:00:46]} 51. Rb8 {[%emt 0:00:08]} Bd3 {[%emt 0:00:20]} 52. Rb6 {[%emt 0:00:08]} Kf7 {[%emt 0:00:36]} 53. Rb7+ {[%emt 0:00:07]} Be7 {[%emt 0:00:17]} 54. Ke3 {[%emt 0:00:38]} Bf1 {[%emt 0:00:46]} 55. h4 {[%emt 0:00:32]} b4 {[%emt 0:00:15]} 56. h5 {[%emt 0:02:05]} Bc4 {[%emt 0:00:22]} 57. Kd4 {[%emt 0:00:38]} Be6 {[%emt 0:00:55]} 58. Ke5 {[%emt 0:00:20]} h6 {[%emt 0:01:48]} 59. Ra7 {[%emt 0:00:53]} b3 {[%emt 0:03:13]} 60. Rb7 {[%emt 0:00:05]} b2 {[%emt 0:00:28]} 61. Kf4 Kf6 {[%emt 0:01:19]} 62. Rxb2 {[%emt 0:00:14]} Bd6+ {[%emt 0:00:22]} 63. Ke3 {[%emt 0:00:16]} Kg5 {[%emt 0:01:10]} 64. Rg2+ {[%emt 0:00:15]} Kxh5 {[%emt 0:00:12]} 65. Rg7 {[%emt 0:00:09]} Ba3 {[%emt 0:02:34]} 66. Kf3 {[%emt 0:00:23]} Bd5+ {[%emt 0:00:32]} 67. Kg3 {[%emt 0:00:46]} Bc1 {[%emt 0:00:17]} 68. Kh2 {[%emt 0:00:51]} Bg5 {[%emt 0:00:10]} 69. Rd7 {[%emt 0:00:11]} Be4 {[%emt 0:00:24]} 70. Kh3 {[%emt 0:00:30]} f4 {[%emt 0:00:27]} 71. Rd6 {[%emt 0:00:35]} Bf5+ {[%emt 0:00:13]} 72. Kg2 {[%emt 0:00:16]} Kg4 {[%emt 0:00:02]} 73. Ra6 {[%emt 0:00:11]} f3+ {[%emt 0:00:31]} 74. Kh2 {[%emt 0:00:27]} Be4 {[%emt 0:01:06]} 75. Ra4 {[%emt 0:00:18]} Bf4+ {[%emt 0:02:01]} 76. Kg1 {[%emt 0:00:09]} Be3+ {[%emt 0:00:13]} 77. Kh2 {[%emt 0:00:18]} Kf4 {[%emt 0:00:17]} 78. Ra6 {[%emt 0:01:02]} f2 {[%emt 0:00:41]} 79. Rf6+ {[%emt 0:01:14]} Kg5 {[%emt 0:00:29]} 80. Rf8 {[%emt 0:01:35]} Bf4+ {[%emt 0:00:10]} 0-1

[Event "31st Klatovy A 2025"]
[Site "Klatovy CZE"]
[Date "2025.07.06"]
[Round "9.12"]
[White "Verner, Matej"]
[Black "Palek, Miroslav"]
[Result "1-0"]
[WhiteElo "2143"]
[BlackElo "2046"]
[PlyCount "67"]
[EventDate "2025.06.28"]
[EventType "swiss"]
[EventRounds "9"]
[EventCountry "CZE"]

1. e4 c6 {[%emt 0:00:37]} 2. d4 {[%emt 0:00:05]} d5 {[%emt 0:00:15]} 3. exd5 {[%emt 0:00:03]} cxd5 {[%emt 0:00:14]} 4. Bd3 {[%emt 0:00:02]} Nc6 {[%emt 0:00:24]} 5. c3 {[%emt 0:00:02]} Nf6 {[%emt 0:00:44]} 6. Bf4 {[%emt 0:00:04]} g6 {[%emt 0:00:45]} 7. Nf3 {[%emt 0:00:09]} Bg7 {[%emt 0:00:20]} 8. O-O {[%emt 0:00:08]} Bf5 {[%emt 0:00:27]} 9. Bxf5 {[%emt 0:01:56]} gxf5 {[%emt 0:00:14]} 10. Ne5 {[%emt 0:01:12]} O-O {[%emt 0:03:43]} 11. Nd2 {[%emt 0:00:41]} e6 {[%emt 0:01:01]} 12. Re1 {[%emt 0:01:09]} Ne4 {[%emt 0:12:43]} 13. f3 {[%emt 0:09:30]} Nxd2 {[%emt 0:12:15]} 14. Qxd2 {[%emt 0:00:01]} Rc8 {[%emt 0:00:28]} 15. Nd3 {[%emt 0:07:44]} Kh8 {[%emt 0:04:08]} 16. Bg5 {[%emt 0:03:20]} Qd6 {[%emt 0:03:46]} 17. h4 {[%emt 0:04:28]} f6 {[%emt 0:01:40]} 18. Be3 {[%emt 0:02:54]} Rf7 {[%emt 0:03:23]} 19. h5 {[%emt 0:01:50]} b6 {[%emt 0:05:19]} 20. h6 {[%emt 0:00:34]} Bf8 {[%emt 0:00:08]} 21. Bf4 {[%emt 0:01:07]} Qd7 {[%emt 0:00:20]} 22. Re2 {[%emt 0:01:59]} Re8 {[%emt 0:02:21]} 23. Rae1 {[%emt 0:00:30]} Rfe7 {[%emt 0:02:22]} 24. Re3 {[%emt 0:08:16]} Rf7 {[%emt 0:02:26]} 25. Qe2 {[%emt 0:01:40]} Nd8 {[%emt 0:00:15]} 26. Qf2 {[%emt 0:00:39]} Bd6 {[%emt 0:02:56]} 27. Qh4 {[%emt 0:01:03]} Nc6 {[%emt 0:05:04]} 28. b4 {[%emt 0:07:08]} Nd8 {[%emt 0:03:52]} 29. Bxd6 {[%emt 0:03:34]} Qxd6 {[%emt 0:00:20]} 30. Nf4 {[%emt 0:00:05]} e5 {[%emt 0:05:08]} 31. dxe5 {[%emt 0:01:33]} Rxe5 {[%emt 0:00:20]} 32. Rxe5 {[%emt 0:00:40]} fxe5 {[%emt 0:00:12]} 33. Rxe5 {[%emt 0:00:04]} Qxe5 {[%emt 0:08:41]} 34. Qxd8+ {[%emt 0:00:07]} 1-0